| 000 | 00711nam a2200193 a 4500 | ||
|---|---|---|---|
| 001 | 4715 | ||
| 003 | CDMR | ||
| 005 | 20131029100203.0 | ||
| 008 | 130130s1982||||||||||||||||||||||||||||d | ||
| 020 | _a8450053250 | ||
| 040 |
_aCDMR _bcat _cCDMR |
||
| 245 | 0 | 0 |
_aGuia de la premsa local i comarcal _b: Alt Empordà, Baix Empordà, Cerdanya, Garrotxa, Gironès, Ripollès, La Selva |
| 260 |
_aBarcelona _c1982 _bGeneralitat de Catalunya. Departament de Mitjans de Comunicació |
||
| 300 | _a71 p. | ||
| 650 | 0 | 4 |
_93717 _aPremsa comarcal _zCatalunya _xManuals, guies, etc. |
| 650 | 0 | 4 |
_93923 _aMitjans de comunicació de massa _vDirectoris |
| 710 | 2 |
_93545 _aDirecció General de Mitjans de Comunicació |
|
| 942 |
_cMON _2udc |
||
| 999 |
_c4715 _d4715 |
||